Agency report on business behaviour (Record no. 73153)
[ view plain ]
| 000 -LEADER | |
|---|---|
| fixed length control field | 01084cam a2200193 4500 |
| 001 - CONTROL NUMBER | |
| control field | WB3930-12 |
| 008 - FIXED-LENGTH DATA ELEMENTS--GENERAL INFORMATION | |
| fixed length control field | 030804n2003 000 0 eng u |
| 035 ## - SYSTEM CONTROL NUMBER | |
| System control number | (Sirsi) u123179 |
| 245 ## - TITLE STATEMENT | |
| Title | Agency report on business behaviour |
| 260 ## - PUBLICATION, DISTRIBUTION, ETC. | |
| Date of publication, distribution, etc. | 2003 |
| 490 ## - SERIES STATEMENT | |
| Series statement | RICS Environment Faculty News |
| Volume/sequential designation | 1 August 2003 (1) |
| 520 ## - SUMMARY, ETC. | |
| Summary, etc. | The Environment Agency has published its fifth annual report on good and bad environmental behaviour by businesses in England and Wales. "Spotlight on business environmental performance 2002" reveals the waste industry as the most frequent polluter whilst the construction industry, farming and the metals sector have shown the most significant reductions in pollution incidents. Overall, serious pollution incidents were down by 21%. "Spotlight 2002" at www.environment-agency.gov.uk/business/444255/518536. www.rics.org/ricscms/bin/show?class=News&template=/includes/shownews.html&id=6639 |
| 590 ## - LOCAL NOTE (RLIN) | |
| Local note | WB |
| 650 ## - SUBJECT ADDED ENTRY--TOPICAL TERM | |
| Topical term or geographic name entry element | ENVIRONMENTAL PERFORMANCE |
| 650 ## - SUBJECT ADDED ENTRY--TOPICAL TERM | |
| Topical term or geographic name entry element | POLLUTION |
| 650 ## - SUBJECT ADDED ENTRY--TOPICAL TERM | |
| Topical term or geographic name entry element | BUSINESSES |
| 690 ## - LOCAL SUBJECT ADDED ENTRY--TOPICAL TERM (OCLC, RLIN) | |
| Topical term or geographic name as entry element | ENVIRONMENT-AUDIT/ASSESSMENT |
| 942 ## - ADDED ENTRY ELEMENTS (KOHA) | |
| Suppress in OPAC | 0 |
| Withdrawn status | Lost status | Source of classification or shelving scheme | Damaged status | Not for loan | Home library | Current library | Shelving location | Date acquired | Total Checkouts | Full call number | Barcode | Date last seen | Copy number | Price effective from | Koha item type |
|---|---|---|---|---|---|---|---|---|---|---|---|---|---|---|---|
| Dewey Decimal Classification | London | London | News article | 04/08/2003 | WB3930-12 | 123179-1001 | 06/08/2019 | 1 | 06/08/2019 | News article |